Quantitative techniques for competition and antitrust analysis

Guardado en:
Detalles Bibliográficos
Autor principal: Davis, Peter
Otros Autores: Garcés, Eliana
Formato: Libro
Lenguaje:inglés
Publicado: Princeton Princeton University Press 2010
Materias:
Etiquetas: Agregar Etiqueta
Sin Etiquetas, Sea el primero en etiquetar este registro!

MARC

LEADER 00000nam a2200000 4500
001 0169050
005 20230109100114.9
020 |a 978-0-691-14257-9 
041 0 |a eng 
044 |a US 
245 1 0 |a Quantitative techniques for competition and antitrust analysis  |c Peter Davis and Eliana Garcés 
264 1 |a Princeton  |b Princeton University Press  |c 2010 
300 |a xi, 580 s. 
610 2 0 |a ekonometria 
610 2 0 |a metódy kvantitatívne 
610 2 0 |a konkurencia 
610 2 0 |a oligopoly 
610 2 0 |a monopoly 
100 1 |a Davis, Peter 
700 1 |a Garcés, Eliana